Konstrukce marketingového portfolia. Poradenské listy pro výrobkové manažery a vedoucí marketingu.
Predpoklady vytvorenia analyticky významného výrobkového portfolia. Výber strategických jednotiek - výrobkov. Predbežná analýza strategických jednotiek. Určenie kritérií pre umiestňovanie v portfoliu. Hľadiská charakterizujúce trhovú atraktivitu a konkurenčnú schopnosť. Varianty rôznej konštrukcie p...
Gespeichert in:
| 1. Verfasser: | |
|---|---|
| Format: | Buchkapitel |
| Sprache: | Tschechisch |
| Schlagworte: | |
| Tags: |
Keine Tags, Fügen Sie das erste Tag hinzu!
|
MARC
| LEADER | 00000naa a2200000 4500 | ||
|---|---|---|---|
| 001 | r013400 | ||
| 005 | 20221205080309.2 | ||
| 041 | 0 | |a cze | |
| 044 | |a CZ | ||
| 245 | 1 | 0 | |a Konstrukce marketingového portfolia. |b Poradenské listy pro výrobkové manažery a vedoucí marketingu. |c Věra Vávrová |
| 520 | |a Predpoklady vytvorenia analyticky významného výrobkového portfolia. Výber strategických jednotiek - výrobkov. Predbežná analýza strategických jednotiek. Určenie kritérií pre umiestňovanie v portfoliu. Hľadiská charakterizujúce trhovú atraktivitu a konkurenčnú schopnosť. Varianty rôznej konštrukcie portfolia. Portfolio a voľba stratégie. | ||
| 610 | 2 | 0 | |a marketing |
| 610 | 2 | 0 | |a výrobky |
| 610 | 2 | 0 | |a manažéri |
| 610 | 2 | 0 | |a stratégia marketingová |
| 100 | 1 | |a Vávrová, Věra | |